01487cam a22003371a 4500001001300000003000400013005001700017008004100034010001700075035001900092040004700111042001200158050001400170070002000184072000900204082001300213100003400226245015400260260005800414300002900472490008300501500001700584500004800601500027700649504002800926504004600954650002201000650002501022830008501047999001701132agr41000252 DLC20260227110959.0770811s1941 dcua bs f000 0 eng c aagr41000252  a(OCoLC)3181036 aU. S. Dept. of agr. LibrarycOCdDNALdDLC apremarc00aS587b.B40 a1bAg84M no.3690 aF600 a630.61731 aBeeson, Kenneth Crees,d1903-14aThe mineral composition of crops with particular reference to the soils in which they were grown :ba review and compilation /cby Kenneth C. Beeson. aWashington, D.C. :bU.S. Dept. of Agriculture,c1941. a164 p. :bill. ;c23 cm.1 aMiscellaneous publication / United States Department of Agriculture ;vno. 369 aCover title. aContribution from Bureau of Plant Industry. a"The work represented by this publication was supported by the Bankhead-Jones research fund. It was initiated in the Bureau of chemistry and soils (now the Bureau of agricultural chemistry and engineering) and was later transferred to the Bureau of plant industry."--P. 1. aBibliography: p. 59-90. a"Sources of unpublished material": p. 91. 0aPlantsxAnalysis. 0aPlantsxComposition. 0aMiscellaneous publication (United States. Department of Agriculture) ;vno. 369. c10101d10101